1047 1755 1081 1312 1931 1151 1191 1821 1665 1074 1712 1924 1763 1594 1730 1478 1857 1813 1609 1968 1039 1871 1828 1351 1940 1401 1247 1013 1364 1031 1809 1871 1744 1605 1808 1891 1692 1078 1453 1011 1857 1044 1738 1114 1667 1195 1657 1141 1751 1753 1318 1406 1405 1529 1916 1251 1954 1876 1354 1793 1137 1496 1055 1194 1384 1364 1590 1713 1255 1853 1783 1942 1400 1427 1808 1775 1208 1739 1909 1069 1880 1996 1204 1464 1951 1630 1422 1470 1389 1577 1116 1142 1623 1589 1815 1825 1091 1164 1530 BCNSPRNW ULIB Ver.6.0+V

เปลี่ยนเป็นภาษาไทย

Change to English
 แสดงรายละเอียดบรรณานุกรม
  กลับหน้าหลัก

Brief Record : Get Marc (ISO 2709) : E-mail record : QR code < ปิดหน้าต่าง
LEADER : 00000nam 2200000uu 4500
001    13399124220
003     ULIB
008    150127s2556||||th 000 0 tha d
020    ^a9786165516969
060  4 ^aWL101^bส723ร
100 0  ^aสิทธิพร แอกทอง
245 10 ^aระบบประสาทส่วนปลาย :^bบทบาทของ oxidative stress และ MAPKs ต่อโครงสร้างและการทำงาน = Peripheral nervous system : role of oxidative stress and MAPSs in the structure and function /^cสิทธิพร แอกทอง
246 30 ^aPeripheral nervous system : role of oxidative stress and MAPSs in the structure and function
260    ^aกรุงเทพฯ :^bภาควิชากายวิภาคศาสตร์ คณะแพทยศาสตร์ จุฬาลงกรณ์มหาวิทยาลัย,^c2556
300    ^a203 หน้า :^bภาพประกอบ
650  7 ^aระบบประสาท
710 2  ^aจุฬาลงกรณ์มหาวิทยาลัย.^bคณะแพทยศาสตร์.^bภาควิชากายวิภาคศาสตร์
945    ^p369^l0^i039049
945    ^p369^l0^i039050
945    ^p369^l0^i039051
945    ^p369^l0^i039052
945    ^p369^l0^i039053
999    ^aเกษร โพธิ์สุวรรณ
รายการนี้ยังไม่มีแท็ก
คุณยังไม่ได้ล็อกอิน คุณสามารถมีกิจกรรมร่วมกับเว็บไซต์ได้ แต่ต้องล็อกอินก่อน ::
  ล็อกอิน

รายการสื่อสารสนเทศ

ลำดับที่ ประเภท เลขเรียก/บาร์โค้ด สถานที่ สถานะ
1. วิทยาศาสตร์การแพทย์ และสุขภาพ
หนังสือสำรอง
สถานะ=หนังสือสำรอง
WL101 ส723ร ฉ.1 
  Barcode: 039049
ห้องสมุดวิทยาเขตสวรรค์ประชารักษ์
►ส่วนจัดเก็บหนังสือเก่า สปร
บนชั้น
  ขอยืม
2. วิทยาศาสตร์การแพทย์ และสุขภาพ
วิทยาศาสตร์การแพทย์ และสุขภาพ
WL101 ส723ร ฉ.2 
  Barcode: 039050
ห้องสมุดวิทยาเขตสวรรค์ประชารักษ์
►ส่วนจัดเก็บหนังสือเก่า สปร
บนชั้น
  ขอยืม
3. วิทยาศาสตร์การแพทย์ และสุขภาพ
วิทยาศาสตร์การแพทย์ และสุขภาพ
WL101 ส723ร ฉ.3 
  Barcode: 039051
ห้องสมุดวิทยาเขตสวรรค์ประชารักษ์
►ส่วนจัดเก็บหนังสือเก่า สปร
บนชั้น
  ขอยืม
4. วิทยาศาสตร์การแพทย์ และสุขภาพ
วิทยาศาสตร์การแพทย์ และสุขภาพ
WL101 ส723ร ฉ.4 
  Barcode: 039052
ห้องสมุดวิทยาเขตสวรรค์ประชารักษ์
►ส่วนจัดเก็บหนังสือเก่า สปร
บนชั้น
  ขอยืม
5. วิทยาศาสตร์การแพทย์ และสุขภาพ
วิทยาศาสตร์การแพทย์ และสุขภาพ
WL101 ส723ร ฉ.5 
  Barcode: 039053
ห้องสมุดวิทยาเขตสวรรค์ประชารักษ์
►ส่วนจัดเก็บหนังสือเก่า สปร
บนชั้น
  ขอยืม

รายการใกล้เคียง
    ผู้แต่ง [สิทธิพร แอกทอง]

    หัวเรื่อง [ระบบประสาท]

BibComment


ยังไม่เคยถูกคอมเมนท์

คอมเมนท์ทรัพยากรรายการนี้
  คอมเมนท์: ระบบประสาทส่วนปล..


 Copyright 2026. Bcnsprnw @Library